Megnyitó szeptemberben. Bay Zoltán Biotechnológiai Kutatóintézet nem lesz vetélytárs. Az alkalmazott kutatás intézete.

Elmentve itt :
Bibliográfiai részletek
Dokumentumtípus: Cikk
Megjelent: 1993-08-12
Sorozat:Délmagyarország
Kulcsszavak:Bay Zoltán Intézet, Nemcsók János
Online Access:http://univ.bibl.u-szeged.hu/28047
LEADER 00546nab a2200157 i 4500
001 univ28047
005 20171214104910.0
008 171214s1993 hu o 0|| zxx d
040 |a SZTE UnivHistória Repozitórium  |b hun 
041 |a zxx 
245 0 0 |a Megnyitó szeptemberben. Bay Zoltán Biotechnológiai Kutatóintézet nem lesz vetélytárs. Az alkalmazott kutatás intézete.  |h [elektronikus dokumentum] 
260 |c 1993-08-12 
300 |a 7 
490 0 |a Délmagyarország 
561 |a Egyetemi hirarchívum 
695 |a Bay Zoltán Intézet, Nemcsók János